Les pays d'Amérique - Quiz sur carte - Statistiques

Statistiques générales
  • Ce quiz a été pris 1 034 fois
  • Le résultat moyen est 13 sur 23
Réponses sur la Carte
Les réponses sont colorées sur une échelle allant du rouge au vert en fonction du pourcentage des utilisateurs qui les ont devinées à leur premier essai. Vous pouvez retrouver ces pourcentages ci-dessous.
 
Statistiques - réponses
Réponse % Correct
Canada
95%
Etats unis
94%
Mexique
94%
Panama
73%
Cuba
67%
Bahamas
63%
République Dominicaine
62%
Belize
61%
Haïti
61%
Costa Rica
58%
Guatemala
58%
Honduras
58%
Salvador
58%
Jamaïque
57%
Nicaragua
57%
Trinité et Tobago
42%
Saint Vincent et les Grenadines
33%
Sainte Lucie
32%
Antigua et Barbuda
31%
Grenade
31%
Saint Christophe et Niévès
31%
Barbade
29%
Dominique
28%
Aucun quiz correspondant
Distribution des résultats
% des personnes avec chaque résultat
Percentile par nombre de réponses
Votre historique - résultats
Vous n’avez pas pris ce quiz